000 00415nam a2200157Ia 4500
008 191206s9999 xx 000 0 und d
020 _a1557092656 (alk. pap
090 _aPZ7K23NUNNO
245 0 _aNancy Drew: The Quest of the Missing Map
250 _a1st applewood ed.
260 _aApplewood Books
260 _bNancy Drew mystery stories
260 _cc2004
300 _ap. cm.
999 _c16540
_d16540